000 00792nam a2200253Ia 4500
003 OSt
005 20220926012749.0
006 a|||||r|||| 00| 0
007 ta
008 220923b |||||||| |||| 00| 0 eng d
037 _cGeneral Book
040 _aRTL
_cRTL
_beng
041 _2eng
_aeng
082 _aY5.73.N5, J4;K6/TD
100 _aBendix Reinhard
_992120
245 0 _aClass, status and power
_b Social stratification incomparative perspective
250 _a2
260 _aNew York
_bFree Press
_c1966
300 _axviii,677p.
_ccm.
650 _aSocial Stratification
_9229881
700 _a Lipset Seymour Martin Ed.
_992942
942 _hY5.73.N5, J4;K6/TD
_cGB
_2CC
999 _c624282
_d624282